Cómo usar la información en trabajos de investigación

Gorde:
Xehetasun bibliografikoak
Egile Nagusiak: Orna, Elizabeth (autora), Stevens, Graham (Egilea)
Formatua: Liburua
Hizkuntza:gaztelania
Argitaratua: Barcelona Gedisa 2001
Edizioa:1a. ed
Saila:Biblioteca de Educación. Herramientas Universitarias, 4
Gaiak:
Etiketak: Etiketa erantsi
Etiketarik gabe, Izan zaitez lehena erregistro honi etiketa jartzen!

MARC

LEADER 00000nam a2200000 a 4500
001 UCL9507
003 CL-VaPUC
008 040813e20010000SP |||||||||||||||||spa|d
020 |a 8474326974 
082 0 4 |a 808.02  |b ORN  |2 21 
100 |a Orna, Elizabeth  |e autora  |9 487370 
700 0 |a Stevens, Graham  |e author  |9 487371 
245 1 0 |a Cómo usar la información en trabajos de investigación 
250 |a 1a. ed 
300 |a 238 p 
942 |c BK 
945 |d 20040813 00:00:00  |a cmena 
260 |a Barcelona  |b Gedisa  |c 2001 
650 7 |a TRABAJOS DE INVESTIGACION  |2 CL-VaPUC  |9 469747 
650 7 |a REDACCION DE INFORMES  |2 CL-VaPUC  |9 487372 
650 0 |a Gestión de la información   |9 362327 
650 0 |a Retórica   |9 266620 
583 |a last modification  |c 20040813 00:00:00  |k Rodrigo Vera 
490 0 |a Biblioteca de Educación. Herramientas Universitarias, 4 
999 |c 310273  |d 310271 
952 |0 0  |1 0  |4 0  |6 808_020000000000000_ORN_2001  |7 0  |8 A  |9 378558  |a BIBEDU  |b BIBEDU  |d 2019-11-21  |i 4048148  |o 808.02 ORN 2001  |p 4048148  |r 2019-11-21  |w 2019-11-21  |y BK  |k EPE 
952 |0 0  |1 0  |4 0  |6 808_020000000000000_ORN_2001  |7 0  |8 A  |9 378559  |a BIBCUR  |b BIBCUR  |d 2019-11-21  |i 4529561  |l 2  |o 808.02 ORN 2001  |p 4529561  |r 2025-04-22  |s 2022-04-29  |w 2019-11-21  |y BK  |k BCB 
952 |0 0  |1 0  |4 0  |6 808_020000000000000_ORN_2001  |7 0  |8 A  |9 378560  |a BIBAGR  |b BIBAGR  |d 2019-11-21  |i 4529545  |l 1  |o 808.02 ORN 2001  |p 4529545  |r 2025-01-20  |s 2024-11-19  |w 2019-11-21  |y BK  |k AGR 
952 |0 0  |1 0  |4 0  |6 808_020000000000000_ORN_2001  |7 0  |8 A  |9 378561  |a BIBEDU  |b BIBEDU  |d 2019-11-21  |i 4529502  |l 3  |o 808.02 ORN 2001  |p 4529502  |r 2022-12-09  |s 2022-10-04  |w 2019-11-21  |y BK  |k EDU 
952 |0 0  |1 0  |4 0  |6 808_020000000000000_ORN_2001  |7 0  |8 ED_SUP  |9 378562  |a BIBGIM  |b BIBGIM  |c S_PSTGRDO  |d 2019-11-21  |i 4777441  |o 808.02 ORN 2001  |p 4777441  |r 2025-01-15  |w 2019-11-21  |y BK_X  |k ESU